000 00448nam a2200181Ia 4500
008 230524s9999 xx 000 0 und d
020 _a0070600872
082 _a658.45
_bBOD
100 _aZvi Bodie
245 0 _aInvestments
250 _a6TH
260 _aNEW DELHI
_bTMH
_c2008
300 _aXVIII;1085
500 _aQuantity Number: 2
650 _aManagement
700 _a" Alex Kane, Alan J Marcus , Pitabas Mohanty,,"
942 _cBK
999 _c43240
_d43240